[Event "Caorle op"]
[Site "Caorle"]
[Date "1982.??.??"]
[Round "5"]
[White "Stankovic, Dragan"]
[Black "Shapiro, Oscar"]
[Result "0-1"]
[WhiteElo "2235"]
[BlackElo "2050"]

1.g3 e5 2.c4 Nc6 3.Bg2 Nf6 4.Nc3 Bb4 5.Nd5 Bc5 6.e3 O-O 7.Ne2 Re8 8.d3 d6
9.O-O e4 10.Nxf6+ Qxf6 11.d4 Bb6 12.Nc3 Bf5 13.a3 Nd8 14.h4 h6 15.Nd5 Qe6
16.Qa4 Qd7 17.Qc2 c6 18.Nc3 d5 19.b4 Ne6 20.cxd5 cxd5 21.Qa4 Qd6 22.Qb3 Red8
23.a4 g5 24.a5 Bc7 25.h5 Ng7 26.b5 Nxh5 27.Ba3 Qe6 28.b6 axb6 29.Nb5 Rd7
30.Nxc7 Rxc7 31.axb6 Rd7 32.Bc5 Rc8 33.Ra7 Bh3 34.Rfa1 Bxg2 35.Kxg2 Nf6 36.Rh1 Ng4
37.Qd1 Kg7 38.Qe2 Re8 39.Rha1 Kg6 40.Ra8 h5 41.Qa2 Rdd8 42.Ra7 Rd7 43.Ra8 Red8
44.Qe2 Nf6 45.R1a7 Qe8 46.Rxd8 Qxd8 47.Qa2 Qe8 48.Ra8 Rd8 49.Ra7 Qd7 50.Qa4 Qg4
51.Kf1 h4 52.gxh4 Rh8 53.h5+ Rxh5 54.Ke1 Qf3 55.Rxb7 Rh1+ 56.Kd2 Qxf2+ 57.Kc3 Rc1+  0-1

[Event "Futurity"]
[Site "Chicago"]
[Date "1982.??.??"]
[Round "5"]
[White "Brasket, Curt J"]
[Black "Kornfeld, Andreas"]
[Result "1/2-1/2"]
[WhiteElo "2365"]
[BlackElo "2200"]

1.g3 e5 2.c4 Nf6 3.Bg2 g6 4.Nc3 Bg7 5.Nf3 Nc6 6.O-O O-O 7.d3 d6 8.Rb1 a5
9.a3 Re8 10.Ne1 Be6 11.Nd5 h6 12.Nc2 Rb8 13.Nxf6+ Qxf6 14.Bd2 a4 15.b4 axb3
16.Rxb3 Nd8 17.Be3 Qe7 18.Qb1 e4 19.Bxe4 Bxc4 20.dxc4  1/2-1/2

[Event "Politiken Cup"]
[Site "Copenhagen"]
[Date "1982.??.??"]
[Round "6"]
[White "Jacobsen, Bo"]
[Black "Wicker, Kevin J"]
[Result "1-0"]
[WhiteElo "2315"]
[BlackElo "2275"]

1.c4 e5 2.g3 Bc5 3.Bg2 d6 4.Nc3 Nd7 5.Nf3 a6 6.O-O Ne7 7.d4 Ba7 8.dxe5 dxe5
9.b3 O-O 10.Ba3 f6 11.Nd2 h6 12.Nde4 Re8 13.Nd5 Ng6 14.e3 f5 15.Qh5 Ndf8
16.Rfd1 fxe4 17.Bxe4 Qg5 18.Qxg5 hxg5 19.Nxc7 Bg4 20.Rd6 Nh8 21.Nxa8 Rxa8
22.Bxb7 Rb8 23.Bd5+ Nf7 24.Rxa6 Bb6 25.Bd6 Bc8 26.Ra4 Nd7 27.Rd1 Rb7 28.Ra8  1-0

[Event "Gausdal Jubilee"]
[Site "Gausdal"]
[Date "1982.??.??"]
[Round "2"]
[White "Karlsson, Lars"]
[Black "Hartung Nielsen, Jens"]
[Result "1/2-1/2"]
[WhiteElo "2500"]
[BlackElo "2240"]

1.c4 e5 2.g3 c6 3.d4 d6 4.Bg2 Nd7 5.Nc3 Ngf6 6.e3 Be7 7.Nge2 O-O 8.O-O Re8
9.d5 cxd5 10.cxd5 a6 11.a4 a5 12.e4 Nc5 13.Be3 Na6 14.h3 Nd7 15.f4 exf4 16.gxf4 Bf6
17.Ng3 Ndc5 18.Nh5 Bxc3 19.bxc3 Nxe4 20.Qd4 Nf6 21.Nxf6+ Qxf6 22.Qxf6 gxf6
23.Bd4 Bf5 24.Bxf6 Nc5 25.Ra2 Bd3 26.Rf3 Re1+ 27.Bf1 Rxf1+ 28.Rxf1 Bxf1 29.Kxf1 Re8
30.Bd4 Nd3 31.Rg2+ Kf8 32.Bg7+ Ke7 33.Rg4 f5 34.Rg3 Nxf4 35.Bd4 Ng6 36.h4 Kd7
37.h5 Ne5 38.Rg7+ Re7 39.Bxe5 dxe5 40.h6 Kd6  1/2-1/2

[Event "Gausdal Int"]
[Site "Gausdal"]
[Date "1982.??.??"]
[Round "6"]
[White "Forintos, Gyozo V"]
[Black "Popovych, Orest"]
[Result "1-0"]
[WhiteElo "2410"]
[BlackElo "2305"]

1.c4 e5 2.g3 Nc6 3.Bg2 d6 4.Nc3 Be6 5.Qa4 Qd7 6.Nd5 g6 7.d3 Bg7 8.Rb1 Nge7
9.Bg5 Nc8 10.Nf6+ Bxf6 11.Bxf6 Rg8 12.Bg5 Nb6 13.Qd1 d5 14.c5 Nc8 15.b4 a6
16.Bd2 f5 17.Nf3 e4 18.Ng1 N8e7 19.Nh3 Ne5 20.Bf4 N7c6 21.Ng5 h6 22.Nxe6 Qxe6
23.Bxh6 exd3 24.f4 Nf7 25.Bg5 Nxg5 26.fxg5 Ne5 27.O-O Nc4 28.Qxd3 c6 29.a4 O-O-O
30.Rfc1 Rde8 31.Bf3 Rh8 32.Qd4 Rh3 33.Rc3 Reh8 34.b5 axb5 35.axb5 Rxh2 36.Rxc4 dxc4
37.bxc6 b5 38.cxb6 R2h7 39.b7+ Kc7 40.Qb6+  1-0

[Event "Bundesliga 8182"]
[Site "Germany"]
[Date "1982.??.??"]
[Round "?"]
[White "Schmidt, Wolfgang"]
[Black "Maier, Christian"]
[Result "0-1"]
[WhiteElo "2255"]
[BlackElo "2265"]

1.c4 e5 2.g3 Nf6 3.Bg2 Nc6 4.d3 Bb4+ 5.Bd2 Qe7 6.Nc3 Bxc3 7.Bxc3 O-O 8.e4 a6
9.Ne2 b5 10.O-O bxc4 11.dxc4 Bb7 12.b3 a5 13.h3 Rfe8 14.Qd2 a4 15.Kh2 Nd8
16.Qe3 d6 17.b4 a3 18.Rac1 c5 19.b5 Ne6 20.Bd2 Ra4 21.Qd3 Nd4 22.Nc3 Ra7
23.Rce1 Nd7 24.f4 Nb6 25.fxe5 dxe5 26.Nd5 Bxd5 27.exd5 Ra4 28.Be4 g6 29.h4 f5
30.Bg2 e4 31.Bg5 Qd7 32.Bxe4 fxe4 33.Rxe4 Rxe4 34.Qxe4 Rxc4 35.Qe5 Rc2+  0-1

[Event "Havana"]
[Site "Havana"]
[Date "1982.??.??"]
[Round "9"]
[White "Pfleger, Helmut"]
[Black "Sisniega, Marcel"]
[Result "1/2-1/2"]
[WhiteElo "2500"]
[BlackElo "2440"]

1.c4 e5 2.g3 Nc6 3.Bg2 Nf6 4.Nf3 Bc5 5.O-O O-O 6.Nc3 Re8 7.d3 h6 8.a3 a5
9.Rb1 d6 10.e4 Be6 11.Be3 Qd7 12.Nd5 Bxd5 13.cxd5 Nd4 14.Bxd4 exd4 15.Nh4 a4
16.h3 c6 17.dxc6 bxc6 18.f4 d5 19.e5 Nh7 20.Rc1 Bf8 21.Qg4 Re6 22.Rce1 Qe8
23.Qd1 Rb8 24.Re2 Rb3 25.Rfe1 Qb8 26.Qc2 Qb5 27.Rd2 Re8 28.Rc1 Rc8 29.Qd1 Rd8
30.Qg4 Qb7 31.e6 Nf6 32.Qf5 c5 33.exf7+ Qxf7 34.Ng6 Rb5 35.Re2 Nh7 36.Qxf7+ Kxf7
37.Nxf8 Kxf8 38.Re5 Nf6 39.g4 Re8 40.Rxe8+ Kxe8 41.g5 Nh5 42.Bxd5 Rxb2 43.Rf1 Ng3
44.Re1+ Kd7 45.Bf3 Kd6 46.gxh6 gxh6 47.Re5 Rc2 48.h4 h5  1/2-1/2

[Event "Jarvenpaa"]
[Site "Jarvenpaa"]
[Date "1982.??.??"]
[Round "6"]
[White "Schneider, Lars Ake"]
[Black "Binham, Timothy F"]
[Result "1/2-1/2"]
[WhiteElo "2455"]
[BlackElo "2345"]

1.c4 e5 2.g3 c6 3.d4 exd4 4.Qxd4 d5 5.Bg2 Nf6 6.Nf3 Be7 7.cxd5 cxd5 8.O-O Nc6
9.Qd1 O-O 10.Nbd2 Re8 11.Nb3 Bf5 12.Be3 Rc8 13.Rc1 Ng4 14.Bc5 Rc7 15.Bxe7 Rcxe7
16.Nfd4 Nxd4 17.Nxd4 Be4 18.Bh3 Nf6 19.Rc8 Qb6 20.Rxe8+ Rxe8 21.b3 h6 22.Qd2 Nh7
23.Rc1 Ng5 24.Bf1 Kh7 25.Qc3 Ne6 26.Nxe6 Rxe6 27.Qc7 Qd4 28.Qc3 Qb6 29.Qc5 Qxc5
30.Rxc5 Ra6 31.f3 Bg6 32.Rxd5 Rxa2 33.e4 a6 34.Rd7 b5 35.Ra7 Rb2 36.Rxa6 Rxb3
37.Kf2 Rb2+ 38.Ke3 Rxh2 39.Bxb5 h5 40.f4 f6 41.e5  1/2-1/2

[Event "Luzern ol (Men)"]
[Site "Luzern"]
[Date "1982.??.??"]
[Round "6"]
[White "Cuartas, Carlos"]
[Black "Fernandes, Antonio"]
[Result "1/2-1/2"]
[WhiteElo "2340"]
[BlackElo "2335"]

1.g3 e5 2.c4 Nc6 3.Nc3 Nf6 4.Bg2 g6 5.Nf3 Bg7 6.d4 d6 7.dxe5 Nxe5 8.O-O Nxf3+
9.Bxf3 O-O 10.Qc2 Bf5 11.Qb3 Rb8 12.Be3 b6 13.Nb5 a5 14.Nd4 Bd7 15.Nc6 Bxc6
16.Bxc6 Ng4 17.Bd2 Qe7 18.Rae1 Qe5 19.h3 Qc5 20.Bd5 Ne5 21.Be3 Qb4 22.Qc2 a4
23.Bd2 Qc5 24.a3 Nc6 25.Be3 Nd4 26.Qd3 c6 27.Bxc6 Nxe2+ 28.Rxe2 Qxc6 29.Bf4 Rbd8
30.Rc1 Rfe8 31.Rxe8+ Rxe8 32.Qxd6 Qxd6 33.Bxd6 Bxb2 34.Rc2  1/2-1/2

[Event "Luzern ol (Men)"]
[Site "Luzern"]
[Date "1982.??.??"]
[Round "11"]
[White "Ornstein, Axel"]
[Black "Stoica, Valentin"]
[Result "1/2-1/2"]
[WhiteElo "2450"]
[BlackElo "2450"]

1.c4 e5 2.g3 Nf6 3.Bg2 Nc6 4.Nc3 Bb4 5.Nf3 O-O 6.O-O e4 7.Ne1 Bxc3 8.dxc3 h6
9.Nc2 Re8 10.Ne3 d6 11.f4 exf3 12.exf3 Ne5 13.b3 Bd7 14.Re1 Rb8 15.Bb2 b6
16.Qd4 c5 17.Qd2 Bc6 18.Nd5 Bxd5 19.cxd5 c4 20.f4 Nd3 21.Rxe8+ Qxe8 22.Ba3 Ne4
23.Qe3 Nxc3 24.Qxe8+ Rxe8 25.Bxd6 Ne2+  1/2-1/2

[Event "Luzern ol (Men)"]
[Site "Luzern"]
[Date "1982.??.??"]
[Round "13"]
[White "Suba, Mihai"]
[Black "West, Guy"]
[Result "1/2-1/2"]
[WhiteElo "2525"]
[BlackElo "2230"]

1.c4 e5 2.g3 Nc6 3.Bg2 Nf6 4.Nc3 g6 5.e3 Bg7 6.Nge2 O-O 7.Rb1 d6 8.b4 Be6
9.Nd5 Qd7 10.b5 Ne7 11.Nec3 c6 12.bxc6 bxc6 13.Nxe7+ Qxe7 14.Qa4 Rab8 15.Rxb8 Rxb8
16.Bxc6 Bh3 17.f3 Qe6 18.Nd5 Bg2 19.Rg1 Bxf3 20.Qxa7 Rb1 21.Qa8+ Bf8 22.Nxf6+ Qxf6
23.Bxf3 Rxc1+ 24.Kf2 Rxc4 25.Ke2 Qf5 26.Bd5 Qh5+ 27.Kd3 Rc7 28.Rf1 e4+ 29.Kxe4 Qe2
30.Rxf7 Rxf7 31.Bxf7+ Kxf7 32.Qd5+ Kg7 33.Qb7+ Kf6 34.Qxh7 Qxd2 35.Qg8 Qb4+
36.Kf3 Qb7+ 37.Kf2 Bg7 38.Qd8+ Qe7 39.Qxe7+ Kxe7 40.Kf3 Ke6 41.Ke4 Bc3 42.h4 Be1
43.Kf4 Kf6 44.a4 d5 45.Kg4 Ke5 46.Kf3 Kd6 47.Kf4 Kc5 48.Kf3 Kc4 49.Kf4 Kd3
50.Ke5 Bxg3+ 51.Kxd5 Bxh4 52.a5 Bf2 53.e4 g5 54.e5 g4 55.e6 g3 56.e7 g2 57.e8=Q g1=Q
58.Qe4+  1/2-1/2

[Event "Luzern ol (Men)"]
[Site "Luzern"]
[Date "1982.??.??"]
[Round "13"]
[White "Hoelzl, Franz"]
[Black "Myagmarsuren, Lhamsuren"]
[Result "0-1"]
[WhiteElo "2355"]
[BlackElo "2350"]

1.c4 e5 2.g3 Nf6 3.Bg2 Nc6 4.Nc3 Bc5 5.e3 O-O 6.Nge2 Re8 7.O-O Bf8 8.d4 d6
9.d5 Ne7 10.e4 h6 11.b4 a5 12.bxa5 Rxa5 13.a4 b6 14.Ba3 Bd7 15.Bb4 Ra8 16.Nc1 Qc8
17.Nd3 Bh3 18.Bxh3 Qxh3 19.f3 Qc8 20.Rf2 Nd7 21.Nb5 Nc5 22.a5 Qb8 23.Bxc5 bxc5
24.Qa4 c6 25.Nc3 Ra6 26.f4 exf4 27.gxf4 Qc7 28.Nb5 Qd8 29.f5 Qd7 30.Nc3 Rea8
31.Qc2 Rxa5 32.Raf1 cxd5 33.cxd5 Kh8 34.Nf4 Ng8 35.Nh5 Qd8 36.f6 g6 37.Ng3 Qe8
38.Nd1 Qe5 39.Ne3 Qd4 40.Rf3 Ra2 41.Qc4 Qe5 42.Qb5 h5 43.Qd7 R8a7 44.Qc8 Bh6
45.Kh1 Kh7 46.Nc4 Qg5 47.Rg1 Qh4 48.Rg2 Rxg2 49.Kxg2 Ra2+ 50.Rf2 Rxf2+ 51.Kxf2 Qxh2+
52.Kf3 h4 53.Ne2 Qh1+ 54.Kf2 Nxf6  0-1

[Event "Smederevska Palanka"]
[Site "Smederevska Palanka"]
[Date "1982.??.??"]
[Round "2"]
[White "Martinovic, Slobodan"]
[Black "Haik, Aldo"]
[Result "0-1"]
[WhiteElo "2460"]
[BlackElo "2440"]

1.c4 e5 2.g3 Nc6 3.Bg2 g6 4.Nc3 Bg7 5.Rb1 a5 6.a3 Nf6 7.b4 axb4 8.axb4 O-O
9.d3 Re8 10.Bd2 d6 11.e3 Bf5 12.b5 Nd4 13.Bc1 c6 14.b6 h5 15.exd4 exd4+ 16.Nce2 Nd7
17.Nh3 Ne5 18.Rb3 Nxc4 19.dxc4 Ra2 20.Nf4 Bc2 21.O-O Bxd1 22.Rxd1 g5 23.Nxh5 Raxe2
24.Bd2 Qe7 25.Bf3 Rxd2 26.Rxd2 Qe1+  0-1

[Event "Smederevska Palanka"]
[Site "Smederevska Palanka"]
[Date "1982.??.??"]
[Round "11"]
[White "Martinovic, Slobodan"]
[Black "Kurajica, Bojan"]
[Result "1-0"]
[WhiteElo "2460"]
[BlackElo "2510"]

1.c4 e5 2.g3 f5 3.d4 d6 4.Nf3 Qe7 5.Nc3 e4 6.Ng1 Nf6 7.Bg5 c6 8.h4 Qf7 9.Bxf6 Qxf6
10.e3 g6 11.Qb3 Qf7 12.O-O-O Nd7 13.Nh3 Bh6 14.Be2 a6 15.g4 fxg4 16.Bxg4 Nf6
17.Bxc8 Rxc8 18.Ng5 Qe7 19.Rdg1 d5 20.Kb1 Qd7 21.Rc1 O-O 22.Rc2 Kh8 23.cxd5 cxd5
24.Rhc1 Bg7 25.Na4 Rxc2 26.Rxc2 Qg4 27.Nc5 h6 28.Nge6 Rf7 29.a3 Qxh4 30.Nxb7 Qg4
31.Nbd8 Re7 32.Qb8 Kh7 33.Qd6 Ng8 34.Qxd5 Qd1+ 35.Rc1 Qd3+ 36.Ka1 Qd2 37.Rc8 Qxf2
38.Nxg7 Qf1+ 39.Ka2 Rxg7 40.Ne6 Qf7 41.Rf8  1-0

[Event "Vrnjacka Banja"]
[Site "Vrnjacka Banja"]
[Date "1982.??.??"]
[Round "12"]
[White "Simic, Radoslav"]
[Black "Tosic, Miroslav"]
[Result "1-0"]
[WhiteElo "2485"]
[BlackElo "2285"]

1.g3 e5 2.c4 Nf6 3.Nc3 c6 4.d4 exd4 5.Qxd4 d5 6.cxd5 cxd5 7.Bg2 Nc6 8.Qa4 Be7
9.Nf3 O-O 10.O-O Qb6 11.Qb5 d4 12.Qxb6 axb6 13.Nb5 Bc5 14.Rd1 Rd8 15.Bg5 Ra5
16.a4 Be6 17.Bd2 Raa8 18.Nc7 Bb3 19.Nxa8 Bxd1 20.Rxd1 Rxa8 21.b3 Ne4 22.Nxd4 Nxd4
23.Bxe4 Rd8 24.Bd3 Nxb3 25.Bg5 Rd6 26.Bf4 Rf6 27.e3 Bf8 28.Bc4 Nc5 29.Be5 Rc6
30.Rd8 h6 31.Bd5 Ne6 32.Re8 Rc1+ 33.Kg2 Ng5 34.h4 Rc5 35.Rxf8+ Kxf8 36.Bd6+ Ke8
37.Bxc5  1-0

[Event "Albena"]
[Site "Albena"]
[Date "1983.??.??"]
[Round "?"]
[White "Spiridonov, Nikola"]
[Black "Van der Sterren, Paul"]
[Result "1-0"]
[WhiteElo "2425"]
[BlackElo "2445"]

1.g3 e5 2.c4 Nf6 3.Bg2 d5 4.cxd5 Nxd5 5.Nc3 Nb6 6.Nf3 Nc6 7.d3 Be7 8.O-O O-O
9.a3 Be6 10.b4 a5 11.b5 Nd4 12.Nxd4 exd4 13.Ne4 a4 14.Nd2 Bd5 15.Qc2 Ra5
16.Rb1 Bxg2 17.Kxg2 Qd7 18.Nf3 Bf6 19.Qc5 Re8 20.Re1 Qe7 21.Qxe7 Rxe7 22.Bd2 Ra8
23.Bb4 Rd7 24.Bc5 Rd5 25.Bxb6 cxb6 26.Rec1 Be7 27.Rc4 Bc5 28.g4 g6 29.Nd2 f5
30.gxf5 gxf5 31.Kf3 Kf7 32.Nf1 Ra5 33.Ng3 Bxa3 34.Ra1 Bb2 35.Raxa4 Rdxb5
36.Rc7+ Kg6 37.Rac4 Ra7 38.Rd7 Rc5 39.Rb4 Bc3 40.Rxb6+ Kg5 41.Rg7+  1-0

[Event "Elekes mem-A"]
[Site "Budapest"]
[Date "1983.??.??"]
[Round "?"]
[White "Berg, Klaus"]
[Black "Tokaji, Nagy Gyorgy"]
[Result "1-0"]
[WhiteElo "2400"]
[BlackElo "2260"]

1.c4 e5 2.g3 f5 3.Nc3 Nf6 4.Bg2 Bb4 5.Qc2 Bxc3 6.Qxc3 d6 7.d3 O-O 8.Nf3 c6
9.O-O Na6 10.b4 c5 11.bxc5 Nxc5 12.Ba3 Qc7 13.Rab1 Rb8 14.Bxc5 Qxc5 15.d4 Ne4
16.Qd3 exd4 17.Nxd4 d5 18.cxd5 Qxd5 19.Rb5 Qxa2 20.Nc6 Ra8 21.Ne7+ Kh8 22.Bxe4 fxe4
23.Qxe4 Qe6 24.Re5 Qf6 25.Rh5 h6 26.Ng6+ Kg8 27.Nxf8 Qxf8 28.Rc1 Qf7 29.Re5 Bh3
30.Re7  1-0

[Event "Gausdal Jubilee"]
[Site "Gausdal"]
[Date "1983.??.??"]
[Round "4"]
[White "Cox, John J"]
[Black "Westerinen, Heikki MJ"]
[Result "0-1"]
[WhiteElo "2345"]
[BlackElo "2355"]

1.c4 e5 2.g3 f5 3.Nc3 Nf6 4.Bg2 Bb4 5.Nf3 Bxc3 6.bxc3 d6 7.c5 e4 8.Ng5 h6
9.Nh3 dxc5 10.Qb3 Qd5 11.Qxd5 Nxd5 12.d3 Nc6 13.Nf4 Nf6 14.Ng6 Rg8 15.dxe4 fxe4
16.f3 Kf7 17.Nf4 g5 18.Nh3 exf3 19.exf3 Re8+ 20.Kf2 Ne5 21.Rd1 c4 22.g4 Nd3+
23.Kg3 Nd5 24.Bf1 Nxc3 25.Rd2 Re3 26.Nf2 Nxc1 27.Rxc1 b5 28.Rdc2 Na4 29.Ne4 Bb7
30.Kf2 Ra3 31.Rd2 Bxe4 32.fxe4 Nc5 33.Kg1 Re8 34.Rd5 Nd3 35.Bxd3 Rxd3 36.Rxb5 Rxe4
37.Rc5 Rxg4+ 38.Kf1 Rf3+ 39.Ke2 Ra3 40.Rxc7+ Kg6 41.R1xc4 Rg2+ 42.Kf1 Rxh2
43.R7c6+  0-1

[Event "Helsinki"]
[Site "Helsinki"]
[Date "1983.??.??"]
[Round "4"]
[White "Karlsson, Lars"]
[Black "Westerinen, Heikki MJ"]
[Result "1/2-1/2"]
[WhiteElo "2505"]
[BlackElo "2355"]

1.c4 e5 2.g3 f5 3.d4 exd4 4.Qxd4 Nc6 5.Qd3 d5 6.cxd5 Nb4 7.Qb3 Qxd5 8.Qxd5 Nxd5
9.a3 Ngf6 10.Bg2 Be6 11.Nf3 c5 12.O-O h6 13.Ne5 Bd6 14.Ng6 Rg8 15.Nd2 O-O-O
16.Nc4 Bc7 17.b3 Rge8 18.Bb2 Bf7 19.Nce5 Bxg6 20.Nxg6 Rxe2 21.Bxf6 Nxf6 22.Bh3 Kb8  1/2-1/2

[Event "Lvov"]
[Site "Lvov"]
[Date "1983.??.??"]
[Round "?"]
[White "Adamski, Jan"]
[Black "Vorotnikov, Vladislav V"]
[Result "1/2-1/2"]
[WhiteElo "2425"]
[BlackElo "2470"]

1.c4 e5 2.g3 d6 3.Bg2 f5 4.Nc3 Nf6 5.d4 e4 6.f3 exf3 7.Nxf3 Be7 8.O-O O-O
9.d5 Nbd7 10.Nd4 Ne5 11.b3 Nfg4 12.h3 Nf6 13.Nxf5 Bxf5 14.Rxf5 Qd7 15.Rf1 Nh5
16.Ne4 Rxf1+ 17.Qxf1 Rf8 18.Qe1 Qf5 19.Bd2 Qg6 20.Rc1 h6 21.Rc3 Nf6 22.Nf2 Nh5
23.Ne4 Nf6 24.Nf2 Nh5 25.Be4 Qf7 26.Bg2  1/2-1/2

[Event "Lvov"]
[Site "Lvov"]
[Date "1983.??.??"]
[Round "?"]
[White "Sveshnikov, Evgeny"]
[Black "Paehtz, Thomas Sr"]
[Result "1/2-1/2"]
[WhiteElo "2505"]
[BlackElo "2395"]

1.g3 e5 2.c4 Nf6 3.Nc3 d6 4.Bg2 g6 5.e3 Bg7 6.Nge2 O-O 7.O-O Re8 8.d3 c6
9.e4 Na6 10.h3 Nc7 11.f4 exf4 12.Nxf4 Ne6 13.Qf3 Rf8 14.Be3 Nd7 15.Qe2 Nxf4
16.Rxf4 Nc5 17.Raf1 Ne6 18.R4f2 Be5 19.Kh2  1/2-1/2

[Event "SVK-ch"]
[Site "Nova Bana"]
[Date "1983.??.??"]
[Round "3"]
[White "Janco, Jozef"]
[Black "Husek, Zdenek"]
[Result "0-1"]
[WhiteElo "2200"]
[BlackElo "2200"]

1.g3 e5 2.c4 Nf6 3.Nc3 Bb4 4.d3 Bxc3+ 5.bxc3 O-O 6.Bg2 Nc6 7.Nf3 e4 8.Nd4 exd3
9.exd3 Re8+ 10.Be3 Nxd4 11.cxd4 d5 12.O-O Be6 13.Rc1 c6 14.Qd2 h6 15.Rfe1 Qd7
16.f3 dxc4 17.dxc4 b5 18.cxb5 cxb5 19.Rc5 Bc4 20.Bf1 Bxf1 21.Kxf1 Nd5 22.Kg2 b4
23.Bf2 Rxe1 24.Qxe1 Nc3 25.Qc1 Re8 26.a3 Re2 27.axb4 Qxd4 28.Qxc3 Qxf2+ 29.Kh3 Qxh2+
30.Kg4 Re6 31.Kf4 Rf6+ 32.Rf5 Rxf5+ 33.Kxf5 Qxg3 34.Qc8+ Kh7 35.Qb7 Qg6+
36.Kf4 a6 37.Ke3 h5 38.Kf2 h4 39.Qc7 f6 40.Qb7 Qg3+ 41.Ke3 Qe1+ 42.Kd3 h3
43.Qc8 Qg3 44.Qf5+ Qg6  0-1

[Event "Kamen Piskov mem 3"]
[Site "Ruse"]
[Date "1983.??.??"]
[Round "11"]
[White "Arnaudov, Petar"]
[Black "Pantaleev, Dimitar"]
[Result "1-0"]
[WhiteElo "2345"]
[BlackElo "2355"]

1.g3 e5 2.c4 c5 3.Nc3 Nc6 4.Bg2 d6 5.a3 Be6 6.d3 Qd7 7.Rb1 Be7 8.b4 Nf6 9.Nd5 Bd8
10.e3 O-O 11.Ne2 Bh3 12.O-O Bxg2 13.Kxg2 Nxd5 14.cxd5 Ne7 15.e4 Rc8 16.bxc5 dxc5
17.Qb3 Rb8 18.a4 Ng6 19.f3 Kh8 20.Be3 Be7 21.Rfc1 Rfc8 22.Nc3 h6 23.Nd1 b6
24.Qb5 Qd8 25.a5 Nf8 26.axb6 axb6 27.Rc2 Nd7 28.Ra2 Ra8 29.Rba1 Rxa2+ 30.Rxa2 Qc7
31.Nb2 Kg8 32.Nc4 Qb7 33.f4 f6 34.Ra4 Qc7 35.Ra6 Rb8 36.Qc6 Qb7 37.Qe6+ Kf8
38.Ra1 Rc8 39.Rb1 b5 40.Na5 Qb6 41.Nc6 Nb8 42.Nxe7 Qxe6 43.Ng6+ Kf7 44.dxe6+ Kxg6
45.f5+ Kh7 46.Rxb5  1-0

[Event "Kamen Piskov mem 3"]
[Site "Ruse"]
[Date "1983.??.??"]
[Round "12"]
[White "Kirov, Nino"]
[Black "Ilievski, Dimitar"]
[Result "1/2-1/2"]
[WhiteElo "2415"]
[BlackElo "2390"]

1.g3 e5 2.c4 Nc6 3.Bg2 d6 4.Nc3 Be6 5.d3 Qd7 6.Rb1 a5 7.a3 g6 8.b4 axb4 9.axb4 Bg7
10.b5 Nd8 11.Nd5 Ne7 12.h4 h6 13.e4 f5 14.Ne2 O-O 15.Nec3 Nxd5 16.Nxd5 Qf7
17.h5 fxe4 18.Be3 Bxd5 19.cxd5 exd3 20.Qxd3 g5 21.Be4 b6 22.Bh7+ Kh8 23.Bg6 Qd7
24.Qc4 Nb7 25.Bc2 Nc5 26.Bxc5 dxc5 27.Qe4 Bf6 28.O-O Rfd8  1/2-1/2

[Event "NOR-ch"]
[Site "Trondheim"]
[Date "1983.??.??"]
[Round "4"]
[White "Orseth, Dag S"]
[Black "Haugli, Petter"]
[Result "1/2-1/2"]
[WhiteElo "2290"]
[BlackElo "2250"]

1.g3 e5 2.c4 g6 3.Bg2 Bg7 4.Nc3 d6 5.Nf3 f5 6.d4 e4 7.Nd2 Nc6 8.e3 Nf6 9.O-O O-O
10.Rb1 a5 11.a3 Ne7 12.b4 axb4 13.axb4 c6 14.Bb2 Be6 15.Ra1 Qb6 16.Qb3 Rfb8
17.Ra3 Qd8 18.Rfa1 b5 19.Bf1 Rxa3 20.Qxa3 bxc4 21.Bxc4 Bxc4 22.Nxc4 Ned5
23.Nxd5 Nxd5 24.Bc3 Qc7 25.Bd2 Bf8  1/2-1/2

[Event "URS-ch sf"]
[Site "Volgodonsk"]
[Date "1983.??.??"]
[Round "?"]
[White "Zaichik, Gennadi"]
[Black "Gulko, Boris F"]
[Result "1/2-1/2"]
[WhiteElo "2420"]
[BlackElo "2490"]

1.c4 e5 2.g3 Nc6 3.Bg2 f5 4.Nc3 Nf6 5.e3 g6 6.d4 e4 7.Nge2 Bg7 8.a3 O-O 9.b4 Ne7
10.d5 d6 11.Bb2 Ng4 12.Nd4 Ne5 13.Bf1 c5 14.dxc6 bxc6 15.Be2 a6 16.O-O c5
17.Nb3 Rb8 18.Rb1 Be6 19.bxc5 Nxc4 20.Ba1 Nxa3 21.Nd4 Bf7 22.Rxb8 Qxb8 23.cxd6 Qxd6
24.Qa4 Rc8 25.Rd1 Qc5 26.Qxa6 Nc2 27.Ne6 Qc6  1/2-1/2

[Event "Beersheba"]
[Site "Beersheba"]
[Date "1984.??.??"]
[Round "1"]
[White "Suba, Mihai"]
[Black "Mestel, A Jonathan"]
[Result "1-0"]
[WhiteElo "2525"]
[BlackElo "2540"]

1.c4 e5 2.g3 Nf6 3.Bg2 d5 4.cxd5 Nxd5 5.Nc3 Nb6 6.Nf3 Nc6 7.O-O Be7 8.a3 a5
9.d3 O-O 10.Be3 Bg4 11.Rc1 Re8 12.Re1 Bf8 13.Na4 Nxa4 14.Qxa4 Bd7 15.Qb3 Re6
16.Ng5 Rf6 17.Qxb7 Rb8 18.Qa6 Nd4 19.Qxa5 Nb3 20.Qxe5 Nxc1 21.Rxc1 Bg4 22.Bd5 Bd6
23.Qe4 Bf5 24.Qc4 Bg6 25.Ne4 Bxe4 26.Qxe4 Qd7 27.Bd4 Re8 28.Qg2 Be5 29.Bxe5 Rxe5
30.Bf3 h5 31.Rc4 c5 32.Qf1 Qe7 33.Be4 Rb6 34.Qc1 g5 35.f4 gxf4 36.gxf4 Rg6+
37.Bxg6 Rxe2 38.Re4  1-0

[Event "Beersheba"]
[Site "Beersheba"]
[Date "1984.??.??"]
[Round "3"]
[White "Suba, Mihai"]
[Black "Kindermann, Stefan"]
[Result "1-0"]
[WhiteElo "2525"]
[BlackElo "2470"]

1.c4 e5 2.g3 Nc6 3.Bg2 g6 4.Nc3 Bg7 5.Rb1 d6 6.b4 a6 7.d3 f5 8.e3 Nf6 9.Nge2 O-O
10.a4 Ne7 11.Qb3 c6 12.a5 Be6 13.Na4 Qe8 14.f4 Nd7 15.O-O Bf6 16.fxe5 dxe5
17.e4 fxe4 18.Bxe4 Nf5 19.Bg2 Qd8 20.Nac3 Bg5 21.Rf3 Bxc1 22.Rxc1 Nf6 23.Rcf1 Nd4
24.Nxd4 Qxd4+ 25.Kh1 Ng4 26.Ne2 Qa7 27.h3 Rxf3 28.Rxf3 e4 29.dxe4 Ne5 30.Rf6 Bxc4
31.Qc3 Re8 32.Nd4 Qb8 33.Nf3 Bf7 34.Qd4 Nxf3 35.Rxf3 Qe5 36.Qb6 Re7 37.Rd3 Kg7
38.Kh2 g5 39.Qe3 h6 40.Rc3 Rd7 41.Rc5 Qd4 42.Qa3 Bg6 43.Qb3 Bf7 44.Qb1 Be6
45.Rc1 Bc4 46.Qc2 Bd3 47.Qb3 Bb5 48.Rc5 Rf7 49.Qe6 Qf6 50.Qc8 Qe7 51.Rf5 Bc4
52.e5 Qxb4 53.Rxf7+ Bxf7 54.e6 Bg6 55.Qd8 Qf8 56.Qc7+ Kf6 57.Qxb7 Bd3 58.e7 Qe8
59.Qb2+ Kg6 60.Qc3 Bb5 61.Qe5 c5 62.Be4+ Kf7 63.Bf3 Kg6 64.Bh5+ Kxh5 65.Qf5  1-0

[Event "Beersheba"]
[Site "Beersheba"]
[Date "1984.??.??"]
[Round "9"]
[White "Greenfeld, Alon"]
[Black "Shvidler, Eliahu"]
[Result "1/2-1/2"]
[WhiteElo "2470"]
[BlackElo "2445"]

1.c4 e5 2.g3 Nc6 3.Nc3 g6 4.Bg2 Bg7 5.e3 Nge7 6.Nge2 O-O 7.Rb1 d6 8.b4 Bf5
9.d3 Qd7 10.h3 Be6 11.Nd5 Nd8 12.b5 Nc8 13.O-O a6 14.a4 axb5 15.axb5 c6 16.Kh2 f5
17.Ndc3 d5 18.bxc6 bxc6 19.cxd5 cxd5 20.Rb5 Ne7 21.d4 f4 22.exf4 e4 23.Qb3 Ndc6
24.Ba3 Na5 25.Qb4 Nec6 26.Qd6 Qf7 27.Nxe4 dxe4 28.d5 Bf5 29.dxc6 Nc4 30.Qc5 Nxa3
31.Rb7 Qc4 32.Rc1 Qxc5 33.Rxc5 Rad8 34.g4 Bc8 35.Rb3 Rd2 36.Ng3 Rxf4 37.Nxe4 Rc2
38.Rxa3 Re2 39.Rd5 Rf8 40.Rf3 Rc2 41.Rxf8+ Bxf8 42.Nf6+ Kf7 43.Nd7 Bg7 44.Ra5 Ke7
45.Nb6 Be6 46.Ra7+ Kf8 47.Ra8+ Kf7 48.Ra7+ Kf8 49.Nd7+ Ke8 50.g5 Bd4 51.Nf6+ Kd8
52.Ra8+ Ke7 53.f4 Bxf6 54.gxf6+ Kxf6 55.Ra5 Bf5 56.Ra4 Bd3 57.Kg3 Bb5 58.Rd4 Ke6
59.Bd5+ Ke7 60.Re4+ Kd6 61.Bg8 Bxc6  1/2-1/2

[Event "Berlin op"]
[Site "Berlin-West"]
[Date "1984.??.??"]
[Round "9"]
[White "Forintos, Gyozo V"]
[Black "Lieb, Harald"]
[Result "1-0"]
[WhiteElo "2425"]
[BlackElo "2290"]

1.c4 e5 2.g3 Nf6 3.Bg2 Nc6 4.Nc3 Bb4 5.Nd5 Bc5 6.e3 O-O 7.Ne2 Re8 8.O-O d6
9.d4 Bb6 10.Nxb6 axb6 11.d5 Ne7 12.e4 Bd7 13.Nc3 Kh8 14.h3 Nfg8 15.f4 exf4
16.gxf4 Ng6 17.f5 Ne5 18.Qd4 f6 19.Kh2 Re7 20.b3 Qe8 21.Ne2 g5 22.Be3 Qh5
23.Qd2 Ng4+ 24.Kh1 Nxe3 25.Qxe3 b5 26.Nd4 bxc4 27.bxc4 Ra4 28.c5 dxc5 29.Ne6 Bxe6
30.fxe6 g4 31.Rf5 Qg6 32.h4 Nh6 33.Rf4 b6 34.Raf1 Ng8 35.Rf5 Ra8 36.e5 Rf8
37.exf6 Rxf6 38.Qe5 Rg7 39.Rxf6 Nxf6 40.Rxf6  1-0

[Event "Moscow-ch"]
[Site "Moscow"]
[Date "1984.??.??"]
[Round "?"]
[White "Smagin, Sergey"]
[Black "Naumkin, Igor"]
[Result "1/2-1/2"]
[WhiteElo "2355"]
[BlackElo "2325"]

1.c4 e5 2.g3 Nf6 3.Bg2 c6 4.Nf3 e4 5.Nd4 d5 6.cxd5 Qxd5 7.Nb3 Qh5 8.h3 Qg6
9.Nc3 Nbd7 10.Qc2 e3 11.Qxg6 exf2+ 12.Kxf2 hxg6 13.d4 Nb6 14.e4 Be6 15.Nc5 O-O-O
16.Nxe6 fxe6 17.Rd1 e5 18.dxe5 Bc5+ 19.Ke1 Rxd1+ 20.Nxd1 Nfd7 21.e6 Nf8 22.Be3 Nxe6
23.Bxc5 Nxc5 24.Nf2 Kc7 25.Rc1 Nbd7 26.Ke2 Rh5 27.h4 Nf6 28.Ke3 Ncd7 29.b4 Rb5
30.Nd3 Ne5 31.Rc5 Rxc5 32.Nxc5 Nh5 33.Kd4 Nf7 34.e5 Nxg3 35.Ne6+ Kd7 36.Nf8+ Ke8
37.Nxg6 Nf5+ 38.Ke4 Ng3+ 39.Kf3 Nf5 40.Ke4 Ng3+ 41.Kf3 Nf5 42.Bf1 Nd8 43.Bd3 Nh6
44.Bc4 Kd7 45.Ke4 Ne6 46.Nf4 Nc7 47.Nh5 Ne8 48.Kf4 Ke7 49.Ng3 Nc7 50.Ne4 Nf7
51.Nc5 b6 52.Nb3 Ne6+ 53.Ke4 Nfd8 54.Nd4 Nxd4 55.Kxd4 Ne6+ 56.Ke4 g6 57.Ke3 Nc7
58.Bb3 Ne6 59.Bc2 Kf7 60.Be4 c5 61.bxc5 Nxc5 62.Bc2 Ne6 63.Bd3 Nc7 64.Kf4 Ne6+
65.Kg4 Kg7 66.Bc4 Nd4 67.Bd3 b5 68.Kf4 b4 69.Ke3 b3 70.axb3 Nxb3 71.Bc4 Nc5
72.Kd4 Nd7 73.e6 Nf6 74.e7 a5 75.Ke5 a4 76.Ke6 a3 77.Bb3 Ne8 78.Ba2 Nf6  1/2-1/2

[Event "NOR-ch"]
[Site "Oslo"]
[Date "1984.??.??"]
[Round "3"]
[White "Moen, Ole Christian"]
[Black "Diesen, Bruce"]
[Result "1-0"]
[WhiteElo "2285"]
[BlackElo "2200"]

1.g3 e5 2.c4 Nc6 3.Bg2 g6 4.Nc3 Bg7 5.e3 d6 6.Nge2 Nge7 7.O-O O-O 8.Rb1 a5
9.a3 f5 10.f4 h6 11.b4 g5 12.b5 Nb8 13.Qb3 Nd7 14.c5+ Kh7 15.cxd6 cxd6 16.Na4 gxf4
17.exf4 e4 18.Bb2 Nf6 19.d3 d5 20.Rbc1 Bd7 21.Rfd1 Rc8 22.Rxc8 Qxc8 23.Be5 Rg8
24.Rc1 Qe8 25.Rc7 Ng4 26.Nc5 Bxb5 27.Nd4 Bc6 28.Nxc6 Nxc6 29.Qxd5 Ncxe5 30.fxe5 Qh5
31.h3 Ne3 32.Qa2 Qd1+ 33.Kh2 exd3 34.Nd7 Qe2 35.Nf6+ Kg6 36.Qf7+ Kg5 37.h4+  1-0